| 000 | 00774nam a22002297a 4500 | ||
|---|---|---|---|
| 005 | 20170124110213.0 | ||
| 010 | _aB-129752 | ||
| 020 |
_c595.00 _a9780195665994 |
||
| 035 | _aB-129752 | ||
| 037 | _bCen Lib/Ret | ||
| 040 |
_aDPL _bEN |
||
| 082 |
_a954.52 _bBAS |
||
| 100 |
_aBasu, Subho _9101896 |
||
| 245 |
_aDoes class matter : _cby Subh Basu _bcolonial capital and workers resistance in Bengal (1890-1937) / |
||
| 260 |
_aNew Delhi _bOxford unversity press _c2004 |
||
| 270 |
_bNew Delhi _aYMCA building, Jai singh road _e110001 |
||
| 300 |
_aix,316p. _c22cm(Hb) |
||
| 500 | _aIncludes bibliographical references and index | ||
| 650 |
_aLabor movement _zBengal _9101897 |
||
| 650 |
_aBengal _zHistory _9101898 |
||
| 942 |
_2ddc _cEN _h954.52 _mBAS |
||
| 999 |
_c133634 _d133634 |
||